Phantasie und Gehorsam : Überlegungen zu einer künftigen christlichen Ethik /

Hlavní autor: Sölle, Dorothee, 1929-2003
Jazyk: Němčina
Vydáno: Stuttgart ; Kreuz-Verlag, 1968
Vydání: 2. Auflage, 11.-22. Tausend
Témata:
Fyzický popis: 71 stran
Knihy
Uloženo v:
LEADER 01514nam a22004452i 4500
001 001527937
003 CZ BrMZK
005 20160527081940.0
007 ta
008 160524s1968 gw er|||||||||||ger d
020 |q (Brožováno) 
040 |a ABD027  |b cze  |d BOA001  |e rda 
043 |a e-gx--- 
045 |a x2y0 
072 7 |a 27-4  |x Praktická teologie. Morální teologie  |2 Konspekt  |9 5 
080 |a 27-42  |2 MRF 
080 |a 27-423.77  |2 MRF 
080 |a 159.954.2  |2 MRF 
080 |a 27  |2 MRF 
080 |a 274/278-1  |2 MRF 
080 |a (430)  |2 MRF 
080 |a (0:82-4)  |2 MRF 
100 1 |a Sölle, Dorothee,  |d 1929-2003  |7 skuk0005334  |4 aut 
245 1 0 |a Phantasie und Gehorsam :  |b Überlegungen zu einer künftigen christlichen Ethik /  |c Dorothee Sölle 
250 |a 2. Auflage, 11.-22. Tausend 
264 1 |a Stuttgart ;  |a Berlin :  |b Kreuz-Verlag,  |c 1968 
300 |a 71 stran 
336 |a text  |b txt  |2 rdacontent 
337 |a bez média  |b n  |2 rdamedia 
338 |a svazek  |b nc  |2 rdacarrier 
648 4 |a 1929-2003 
650 0 7 |a křesťanská etika  |7 ph138484  |2 czenas 
650 0 7 |a poslušnost  |7 ph168245  |x křesťanské pojetí  |2 czenas 
650 0 7 |a fantazie  |7 ph120133  |x křesťanské pojetí  |2 czenas 
650 0 7 |a protestantská teologie  |7 ph124664  |z Německo  |y 20.-21. století  |2 czenas 
655 7 |a úvahy  |7 fd134000  |2 czenas 
910 |a BOA001  |b M1-1368.388 
990 |a BK 
991 |b 201605 
996 7 |b 2610670865  |c M1-1368.388  |l MZK  |r Sklad / do 24 hodin  |n 0  |p dar  |w 001563071  |u 000010  |a 1  |e BOA001  |j MZK50  |s A